00719nam a22002537a 45000010005000000030006000050050017000110080041000280200015000690400029000840500018001130820011001311000019001422450032001612500046001932600037002393000066002764900015003425050008003575210029003655210020003946500025004146500026004398049FISKH20250819153953.0250819b cb ||||| |||| 00| 0 eng d a0439148715 aFISKHbengcFISKHdFISKH aQL666.O6 S456 a597.96 aSimon, Seymour aSnakes / cBy Seymour Simon aFirst Scholastic printing, Februrary 2000 aNew York :bScholastic , c1992. a24 unnumbered pages : bcolor illustrations ; c23 X 28 cm .  aSee In 3-D aM 8 a550 bLexile estimate 8 aM bRaz-Plus  aSnakes vNon-fiction aAnimals vNon-fiction